| 000 | 00485nam a22001817a 4500 | ||
|---|---|---|---|
| 003 | BD-ChCU | ||
| 005 | 20260422094546.0 | ||
| 008 | 260422b bg ||||| |||| 00| 0 ben d | ||
| 040 | _cBD-ChCU | ||
| 082 | _a551.46 THI (2) | ||
| 100 |
_aThurman , Harold V. _921728 |
||
| 245 |
_aIntroductory oceanoggaphy ./ _cHarold V. Thurman . |
||
| 250 | _a2nd ed. | ||
| 260 |
_aColumbus : _bMerrill , _cC 1978 |
||
| 300 | _avi , 506p. | ||
| 650 | 0 |
_aOceanography . _921731 |
|
| 942 |
_2ddc _cBK _n0 |
||
| 999 |
_c112327 _d112327 |
||